000 00505nam a22001697a 4500
003 BD-ChCU
005 20260215131506.0
008 260215b bg ||||| |||| 00| 0 ben d
040 _cBD-ChCU
082 _a331.2 TAN
100 _aTaylor, George W. and Pierson, Frank C. ed.
_920304
245 _aNew concepts in wage determination.//
_cTaylor, George W. and Pierson, Frank C. ed.
260 _aNew York.
_bMcGraw-Hill.
_c1967
300 _axiii, 336p
650 0 _aWages.
_920305
942 _2ddc
_cBK
_n0
999 _c111596
_d111596